| 000 | 00395nam a2200109Ia 4500 | ||
|---|---|---|---|
| 008 | 160909s9999 xx 000 0 und d | ||
| 100 | _aRahimi, Najmeh | ||
| 245 | _aNOx reduction in a compressed natural gas (CNG) engine with humid air intake | ||
| 260 |
_bCalifornia State University, Long Beach. _c2016 |
||
| 650 | _aMASS COM | ||
| 856 | _uhttp://pqdtopen.proquest.com/doc/1765692908.html?FMT=ABS | ||
| 999 |
_c304206 _d304206 |
||